|
|
|
|
| LEADER |
00876nam a22002292a 4500 |
| 001 |
001618655 |
| 003 |
CZ BrMZK |
| 005 |
20180411144422.0 |
| 007 |
ta |
| 008 |
180227s1964 gw er|||||||||||ger d |
| 040 |
|
|
|a BOA001
|b cze
|e aacr2
|
| 100 |
1 |
|
|a Ehrenberg, Karl Heinz
|4 dis
|
| 245 |
1 |
0 |
|a Petrographische Untersuchungen an den Magmatiten des "Grenzlagers" und des "Hochsteiner Lagers" in der Umgebung des Donnersberges/Pfalz /
|c Karl Heinz Ehrenberg
|
| 260 |
|
|
|a Mainz :
|b Karl Heinz Ehrenberg,
|c 1964
|
| 300 |
|
|
|a 1 sv. (nestr.)
|
| 500 |
|
|
|a Zkrácená disertace--Johannes Gutenberg-Universität, 1964
|
| 655 |
|
7 |
|a disertace
|7 fd132024
|2 czenas
|
| 710 |
2 |
|
|a Johannes Gutenberg-Universität
|7 ko2003164334
|4 isb
|
| 910 |
|
|
|a BOA001
|b X-0552.305
|
| 990 |
|
|
|a BK
|
| 991 |
|
|
|b 201802
|
| 996 |
7 |
|
|b 2618928398
|c X-0552.305
|l MZK
|r Sklad / do 24 hodin
|n 0
|w 001654276
|u 000010
|a 1
|e BOA001
|j MZK50
|s A
|